[Event "St Petersburg-ch (Women)"]
[Site "St Petersburg"]
[Date "2015.03.29"]
[Round "7"]
[White "Ivkina, Olga"]
[Black "Petrochenko, Maria"]
[Result "0-1"]
[WhiteElo "2163"]
[BlackElo "1938"]
[PlyCount "72"]
[EventDate "2015.03.23"]
[EventType "swiss"]
[EventRounds "9"]
[EventCountry "RUS"]
[SourceTitle "CBM 165 Extra"]
[Source "ChessBase"]
[SourceDate "2015.04.21"]
[SourceVersion "1"]
[SourceVersionDate "2015.04.21"]
[SourceQuality "1"]

1. e4 c5 2. Nf3 Nc6 3. d4 cxd4 4. Nxd4 g6 5. Nc3 Bg7 6. Nb3 Bxc3+ 7. bxc3 Nf6 8. Bd3 d5 9. exd5 Qxd5 10. 0-0 0-0 11. c4 Qd6 12. h3 Be6 13. Bb2 Rac8 14. Re1 Nd7 15. Qc1 Nce5 16. Qh6 f6 17. Rad1 Qc7 18. f4 Nxd3 19. Rxe6 N7c5 20. cxd3 Nxe6 21. Rf1 Qb6+ 22. Kh2 Ng7 23. Qh4 Nf5 24. Qe1 Qd6 25. Qe4 b6 26. g4 Ng7 27. Nd4 a6 28. Kg2 Kf7 29. Re1 Rfe8 30. Nf3 Ne6 31. f5 Nc5 32. Qe3 Nxd3 33. Rb1 Nf4+ 34. Kh1 Qd3 35. Ne5+ fxe5 36. Qxe5 Qf3+ 0-1

[Event "St Petersburg blitz final (Women)"]
[Site "St Petersburg"]
[Date "2014.12.07"]
[Round "3"]
[White "Ivkina, Olga"]
[Black "Sudakova, Irina"]
[Result "1/2-1/2"]
[WhiteElo "2163"]
[BlackElo "2352"]
[PlyCount "43"]
[EventDate "2014.12.07"]
[EventType "tourn (blitz)"]
[EventRounds "3"]
[EventCountry "RUS"]
[SourceTitle "CBM 163 Extra"]
[Source "ChessBase"]
[SourceDate "2014.12.23"]
[SourceVersion "1"]
[SourceVersionDate "2014.12.23"]
[SourceQuality "1"]

1. e4 c5 2. Nf3 d6 3. Bb5+ Bd7 4. Bxd7+ Nxd7 5. 0-0 g6 6. c3 Bg7 7. d4 e6 8. Na3 Ne7 9. Bf4 e5 10. dxe5 dxe5 11. Bg5 h6 12. Be3 0-0 13. Qd6 Nc8 14. Qd5 Ncb6 15. Qxb7 Rb8 16. Qxa7 Qe7 17. Rad1 Rfc8 18. Rd2 Ra8 19. Qb7 Rab8 20. Qa7 Ra8 21. Qb7 Rab8 22. Qa7 1/2-1/2

[Event "RUS-chT (Women) 16th"]
[Site "Loo"]
[Date "2014.04.13"]
[Round "6.2"]
[White "Savina, Anastasia"]
[Black "Ivkina, Olga"]
[Result "1-0"]
[WhiteElo "2389"]
[BlackElo "2239"]
[PlyCount "59"]
[EventDate "2014.04.07"]
[EventType "team-tourn"]
[EventRounds "6"]
[EventCountry "RUS"]
[SourceTitle "CBM 159 Extra"]
[Source "ChessBase"]
[SourceDate "2014.04.24"]
[SourceVersion "1"]
[SourceVersionDate "2014.04.24"]
[SourceQuality "1"]
[WhiteTeam "Moscow Inheritance (W)"]
[BlackTeam "Chigorin CC (W)"]
[WhiteTeamCountry "RUS"]
[BlackTeamCountry "RUS"]

1. d4 Nf6 2. c4 g6 3. Nc3 Bg7 4. e4 d6 5. Nf3 0-0 6. Be2 e5 7. 0-0 Na6 8. Be3 Ng4 9. Bg5 Qe8 10. Re1 h6 11. Bh4 Nf6 12. Bxf6 Bxf6 13. c5 Nb4 14. cxd6 exd4 15. Nb5 Qxe4 16. Nxc7 Bf5 17. Bb5 Qg4 18. Nxa8 Rxa8 19. h3 Qf4 20. d7 Be6 21. Rc1 Nc6 22. Bxc6 bxc6 23. Rxe6 fxe6 24. Rxc6 Qe4 25. Rc8+ Kf7 26. Nxd4 Qb7 27. Qf3 Qxd7 28. Qxa8 Qxd4 29. Rc7+ Be7 30. Qxa7 1-0

[Event "St Petersburg-ch (Women) 82nd"]
[Site "St Petersburg"]
[Date "2014.03.23"]
[Round "3"]
[White "Ivkina, Olga"]
[Black "Chernyak, Viktoria"]
[Result "1-0"]
[WhiteElo "2239"]
[BlackElo "2040"]
[PlyCount "67"]
[EventDate "2014.03.21"]
[EventType "tourn"]
[EventRounds "11"]
[EventCountry "RUS"]
[SourceTitle "CBM 159 Extra"]
[Source "ChessBase"]
[SourceDate "2014.04.24"]
[SourceVersion "1"]
[SourceVersionDate "2014.04.24"]
[SourceQuality "1"]

1. e4 c5 2. Nf3 d6 3. d4 cxd4 4. Nxd4 Nf6 5. Nc3 a6 6. Be2 g6 7. Be3 Nbd7 8. f3 b5 9. a4 bxa4 10. 0-0 Bg7 11. Nxa4 0-0 12. Nc6 Qe8 13. b4 Bb7 14. Na5 Qc8 15. c4 Bc6 16. Rb1 Bxa4 17. Qxa4 Qc7 18. Rfc1 e6 19. Qc6 Rfc8 20. Qxc7 Rxc7 21. c5 Bf8 22. c6 Nb8 23. b5 axb5 24. Rxb5 Na6 25. Rcb1 Ne8 26. Rb6 Nc5 27. Rb8 Rxa5 28. Rxe8 Kg7 29. Rbb8 Be7 30. g4 Kf6 31. f4 Nxe4 32. Rb7 Ra1+ 33. Kg2 Rxb7 34. cxb7 1-0

[Event "St Petersburg-ch (Women) 82nd"]
[Site "St Petersburg"]
[Date "2014.03.22"]
[Round "2"]
[White "Azimova, Karina"]
[Black "Ivkina, Olga"]
[Result "1-0"]
[WhiteElo "2048"]
[BlackElo "2239"]
[PlyCount "57"]
[EventDate "2014.03.21"]
[EventType "tourn"]
[EventRounds "11"]
[EventCountry "RUS"]
[SourceTitle "CBM 159 Extra"]
[Source "ChessBase"]
[SourceDate "2014.04.24"]
[SourceVersion "1"]
[SourceVersionDate "2014.04.24"]
[SourceQuality "1"]

1. e4 e6 2. Nf3 d5 3. Nc3 dxe4 4. Nxe4 Be7 5. d4 Nf6 6. Bd3 0-0 7. 0-0 Nc6 8. c3 b6 9. Qc2 h6 10. Nxf6+ Bxf6 11. Be4 Bb7 12. Bf4 Rb8 13. Rad1 Qe7 14. Rfe1 Kh8 15. d5 exd5 16. Bxd5 Qc5 17. Qe4 Rbe8 18. Qxe8 Rxe8 19. Rxe8+ Kh7 20. Be4+ g6 21. Rd7 Qc4 22. Bd5 Qb5 23. Rxf7+ Bg7 24. Bxc6 Bxc6 25. Ree7 Qxb2 26. Rxg7+ Kh8 27. h3 Qb1+ 28. Kh2 Qc2 29. Be5 1-0

[Event "Chepukaitis Memorial blitz prelim"]
[Site "St Petersburg"]
[Date "2013.09.07"]
[Round "10"]
[White "Ivkina, Olga"]
[Black "Zenzera, Alexey"]
[Result "0-1"]
[WhiteElo "2255"]
[BlackElo "2428"]
[PlyCount "86"]
[EventDate "2013.09.07"]
[EventType "swiss (blitz)"]
[EventRounds "11"]
[EventCountry "RUS"]
[SourceTitle "CBM 156 Extra"]
[Source "ChessBase"]
[SourceDate "2013.10.22"]
[SourceVersion "1"]
[SourceVersionDate "2013.10.22"]
[SourceQuality "1"]

1. e4 c6 2. d4 d5 3. e5 Bf5 4. Nf3 e6 5. Be2 Nd7 6. Nbd2 Bg6 7. Nb3 Ne7 8. h4 h5 9. Bg5 Qc7 10. Qd2 Nf5 11. 0-0 Be7 12. c4 dxc4 13. Bxc4 0-0 14. Bxe7 Nxe7 15. Qg5 Nb6 16. Be2 a5 17. Ne1 a4 18. Nd2 Nf5 19. Bxh5 Bxh5 20. Qxh5 g6 21. Qg4 Rad8 22. Nef3 c5 23. h5 Kg7 24. Rac1 c4 25. b3 axb3 26. axb3 c3 27. Ne4 Nxd4 28. h6+ Kh8 29. Nxd4 Rxd4 30. Qf4 Nd5 31. Qf3 Qxe5 32. Rfe1 Qf5 33. Qxf5 gxf5 34. Nxc3 Kh7 35. Ne2 Rb4 36. g3 Rxb3 37. Kg2 Rb4 38. Rh1 Rg8 39. Rcd1 Rb2 40. Nd4 Ne3+ 41. Kf3 Nxd1 42. Rxd1 Rd8 43. Ke3 Rb4 0-1

[Event "Chepukaitis Memorial blitz prelim"]
[Site "St Petersburg"]
[Date "2013.09.07"]
[Round "7"]
[White "Moiseenko, Vadim"]
[Black "Ivkina, Olga"]
[Result "1-0"]
[WhiteElo "2465"]
[BlackElo "2255"]
[PlyCount "49"]
[EventDate "2013.09.07"]
[EventType "swiss (blitz)"]
[EventRounds "11"]
[EventCountry "RUS"]
[SourceTitle "CBM 156 Extra"]
[Source "ChessBase"]
[SourceDate "2013.10.22"]
[SourceVersion "1"]
[SourceVersionDate "2013.10.22"]
[SourceQuality "1"]

1. e4 e6 2. d4 d5 3. Nd2 Nf6 4. e5 Nfd7 5. f4 c5 6. c3 Nc6 7. Ndf3 cxd4 8. cxd4 Bb4+ 9. Kf2 f6 10. Kg3 0-0 11. h4 a5 12. Bd3 f5 13. Ng5 Qe8 14. a3 h6 15. axb4 hxg5 16. hxg5 Nxd4 17. Be3 Nc6 18. b5 Nb4 19. Be2 Qe7 20. Rc1 b6 21. Bh5 Rd8 22. Bg6 Nf8 23. Qh5 Nxg6 24. Qxg6 d4 25. Nf3 1-0

[Event "EU-Cup (Women) 17th"]
[Site "Eilat"]
[Date "2012.10.16"]
[Round "6.3"]
[White "Cmilyte, Viktorija"]
[Black "Ivkina, Olga"]
[Result "1-0"]
[WhiteElo "2528"]
[BlackElo "2266"]
[PlyCount "67"]
[EventDate "2012.10.11"]
[EventType "team-tourn"]
[EventRounds "7"]
[EventCountry "ISR"]
[SourceTitle "CBM 150 Extra"]
[Source "ChessBase"]
[SourceDate "2012.10.19"]
[SourceVersion "1"]
[SourceVersionDate "2012.10.19"]
[SourceQuality "1"]
[WhiteTeam "AVS (W)"]
[BlackTeam "Chigorin CC (W)"]
[WhiteTeamCountry "RUS"]
[BlackTeamCountry "RUS"]

1. d4 Nf6 2. c4 g6 3. Nc3 Bg7 4. e4 d6 5. f3 0-0 6. Nge2 a6 7. Be3 Nc6 8. Qd2 Rb8 9. Rb1 b5 10. cxb5 axb5 11. b4 e5 12. d5 Ne7 13. Nc1 c6 14. dxc6 Nxc6 15. Bxb5 Nd4 16. Bd3 d5 17. 0-0 Nxf3+ 18. Rxf3 d4 19. Bf2 dxc3 20. Qxc3 Bg4 21. Rg3 Bh6 22. Nb3 Ra8 23. Ra1 Ra3 24. b5 Qa8 25. Qb2 Rd8 26. Bc2 Bf8 27. b6 Be6 28. Nc5 Rxa2 29. Rxa2 Qxa2 30. Qxa2 Bxa2 31. b7 Bb1 32. Rd3 Rb8 33. Bxb1 Ng4 34. Rd7 1-0

[Event "RUS-chT (Women) 13th"]
[Site "Sochi"]
[Date "2012.04.13"]
[Round "5"]
[White "Ivkina, Olga"]
[Black "Dogodkina, Julia"]
[Result "1-0"]
[WhiteElo "2272"]
[BlackElo "2161"]
[PlyCount "99"]
[EventDate "2012.04.09"]
[EventType "team-tourn"]
[EventRounds "7"]
[EventCountry "RUS"]
[SourceTitle "CBM 147 Extra"]
[Source "ChessBase"]
[SourceDate "2012.04.24"]
[SourceVersion "1"]
[SourceVersionDate "2012.04.24"]
[SourceQuality "1"]
[WhiteTeam "St Petersburg Chigorin (W)"]
[BlackTeam "Izhevsk Udmurtia (W)"]
[WhiteTeamCountry "RUS"]
[BlackTeamCountry "RUS"]

1. e4 e6 2. d4 d5 3. Nd2 Nf6 4. e5 Nfd7 5. Bd3 c5 6. c3 Nc6 7. Ne2 cxd4 8. cxd4 f6 9. exf6 Nxf6 10. Nf3 Bd6 11. 0-0 Qc7 12. h3 0-0 13. Nc3 a6 14. Be3 Kh8 15. Rc1 Bd7 16. a3 Rae8 17. Bb1 Re7 18. b4 b5 19. Nd2 e5 20. dxe5 Rxe5 21. Nf3 Rh5 22. Ng5 d4 23. Nd5 Nxd5 24. Qxh5 Nf6 25. Qh4 dxe3 26. fxe3 h6 27. Ne4 Nh7 28. Nxd6 Rxf1+ 29. Rxf1 Qxd6 30. Qe4 Ng5 31. Qd3 Qxd3 32. Rf8+ Kh7 33. Bxd3+ g6 34. h4 Ne5 35. hxg5 Kg7 36. Rd8 hxg5 37. Be4 Kf7 38. Ra8 Ng4 39. Ra7 Ke6 40. Bf3 Nxe3 41. Kf2 Nf5 42. Rxa6+ Nd6 43. Bg4+ Ke7 44. Ra7 Nf5 45. a4 bxa4 46. b5 Kd6 47. b6 Bc6 48. Bd1 a3 49. Rxa3 Nd4 50. Rd3 1-0

[Event "Moscow op (Women)"]
[Site "Moscow"]
[Date "2012.02.04"]
[Round "8"]
[White "Ivkina, Olga"]
[Black "Galojan, Lilit"]
[Result "0-1"]
[WhiteElo "2275"]
[BlackElo "2366"]
[PlyCount "98"]
[EventDate "2012.01.28"]
[EventType "swiss"]
[EventRounds "9"]
[EventCountry "RUS"]
[SourceTitle "CBM 146 Extra"]
[Source "ChessBase"]
[SourceDate "2012.02.29"]
[SourceVersion "1"]
[SourceVersionDate "2012.02.29"]
[SourceQuality "1"]

1. e4 c5 2. Nf3 d6 3. d4 cxd4 4. Nxd4 Nf6 5. Nc3 a6 6. Be2 e5 7. Nb3 Be6 8. 0-0 Be7 9. f4 exf4 10. Nd4 g5 11. Nxe6 fxe6 12. Bh5+ Nxh5 13. Qxh5+ Kd7 14. e5 d5 15. Rd1 Kc7 16. g3 Nc6 17. gxf4 gxf4 18. Bxf4 Qe8 19. Qxe8 Raxe8 20. Ne2 Ref8 21. Bg3 Rhg8 22. Kh1 Rg4 23. Rf1 Re4 24. Rxf8 Bxf8 25. Nc3 Rc4 26. Rf1 Be7 27. Rf3 h5 28. Rf4 Rxf4 29. Bxf4 Nd4 30. Kg2 Nxc2 31. a3 Nd4 32. Nd1 Nf5 33. Nf2 Kc6 34. Nd3 d4 35. Kf3 Kd5 36. Nf2 Bd8 37. Ke2 Bc7 38. Nd3 b6 39. h3 Ke4 40. Bh2 Ne3 41. b3 a5 42. Nf2+ Kf5 43. Nd3 Nc2 44. a4 Nb4 45. Nb2 Bxe5 46. Bxe5 Kxe5 47. Nc4+ Kf4 48. Nxb6 e5 49. Nc4 e4 0-1

[Event "Moscow op (Women)"]
[Site "Moscow"]
[Date "2012.02.01"]
[Round "5"]
[White "Huang, Qian"]
[Black "Ivkina, Olga"]
[Result "1-0"]
[WhiteElo "2389"]
[BlackElo "2275"]
[PlyCount "87"]
[EventDate "2012.01.28"]
[EventType "swiss"]
[EventRounds "9"]
[EventCountry "RUS"]
[SourceTitle "CBM 146 Extra"]
[Source "ChessBase"]
[SourceDate "2012.02.29"]
[SourceVersion "1"]
[SourceVersionDate "2012.02.29"]
[SourceQuality "1"]

1. d4 Nf6 2. Nf3 g6 3. b3 Bg7 4. Bb2 0-0 5. g3 d6 6. Bg2 Nbd7 7. c4 e5 8. Nc3 Re8 9. 0-0 exd4 10. Nxd4 Nc5 11. Qc2 a5 12. a3 Ng4 13. Rad1 Ne5 14. h3 a4 15. b4 Nb3 16. Nd5 Bd7 17. f4 Nc6 18. Nb5 Rc8 19. Bxg7 Kxg7 20. Qb2+ f6 21. g4 Kf7 22. e4 h5 23. g5 f5 24. Nf6 fxe4 25. Nxd7 Qxd7 26. Qf6+ Kg8 27. Qxg6+ Qg7 28. Bxe4 Qxg6 29. Bxg6 Re3 30. Kf2 Re7 31. Bxh5 Rf8 32. Kg3 Re3+ 33. Rf3 Re4 34. Bg6 Re2 35. Bd3 Ra2 36. Be4 Re8 37. Re3 Kf8 38. Nxc7 Rxe4 39. Rxe4 Rxa3 40. Re3 Ra2 41. Rxd6 Nbd4 42. Rf6+ Kg8 43. b5 Na5 44. Re8+ 1-0

[Event "Moscow op (Women)"]
[Site "Moscow"]
[Date "2012.01.31"]
[Round "4"]
[White "Ivkina, Olga"]
[Black "Makarenko, Alexandra"]
[Result "1-0"]
[WhiteElo "2275"]
[BlackElo "2078"]
[PlyCount "75"]
[EventDate "2012.01.28"]
[EventType "swiss"]
[EventRounds "9"]
[EventCountry "RUS"]
[SourceTitle "CBM 146 Extra"]
[Source "ChessBase"]
[SourceDate "2012.02.29"]
[SourceVersion "1"]
[SourceVersionDate "2012.02.29"]
[SourceQuality "1"]

1. e4 e5 2. Nf3 Nc6 3. d4 exd4 4. Nxd4 Bc5 5. Nxc6 Qf6 6. Qf3 dxc6 7. Bc4 h5 8. Nc3 b5 9. Bd3 Qxf3 10. gxf3 Ne7 11. Rg1 Ng6 12. f4 Bg4 13. Rg3 0-0-0 14. h3 Bd7 15. Be3 h4 16. Rf3 Bb6 17. 0-0-0 Kb7 18. Rg1 a6 19. Rg5 Rh6 20. e5 c5 21. Be4+ Bc6 22. Rf5 Rd7 23. Bxc6+ Kxc6 24. Ne4 Nf8 25. Rg5 f6 26. exf6 gxf6 27. Rf5 Nh7 28. Bxc5 Rg6 29. b4 Rd5 30. Rxd5 Kxd5 31. Bxb6 cxb6 32. Nd2 Rg2 33. Rd3+ Ke6 34. Rd8 Kf7 35. Rh8 Rg7 36. Nf3 Ng5 37. Nxh4 f5 38. Kd2 1-0

[Event "St Petersburg Autumn op"]
[Site "St Petersburg"]
[Date "2011.11.01"]
[Round "5"]
[White "Belenkaya, Dina"]
[Black "Ivkina, Olga"]
[Result "0-1"]
[WhiteElo "2181"]
[BlackElo "2296"]
[PlyCount "116"]
[EventDate "2011.10.28"]
[EventType "swiss"]
[EventRounds "9"]
[EventCountry "RUS"]
[SourceTitle "EXT 2013"]
[Source "ChessBase"]
[SourceDate "2012.11.22"]
[SourceVersion "1"]
[SourceVersionDate "2012.11.22"]
[SourceQuality "1"]

1. d4 Nf6 2. c4 g6 3. Nc3 Bg7 4. e4 d6 5. f3 0-0 6. Be3 a6 7. Qd2 e5 8. Nge2 Nc6 9. d5 Na5 10. Nc1 c5 11. a3 b5 12. cxb5 axb5 13. Bxb5 Nh5 14. 0-0 Nf4 15. Ra2 c4 16. N3e2 f5 17. Nxf4 exf4 18. Bd4 fxe4 19. fxe4 Bxd4+ 20. Qxd4 f3 21. b4 cxb3 22. Raf2 Qg5 23. Qd2 Qxd2 24. Rxd2 Rb8 25. a4 fxg2 26. Rxf8+ Kxf8 27. Rb2 Bh3 28. Nxb3 Rc8 29. Rf2+ Ke7 30. Rf3 Bg4 31. Rg3 Nxb3 32. Rxg4 Nd2 33. Kxg2 Rc2 34. Kh3 Kf6 35. Rg3 Nxe4 36. Ra3 h5 37. Be8 Kg5 38. a5 Nf6 39. Ba4 Rf2 40. Bd1 h4 41. a6 Nxd5 42. Ra4 Nf4+ 43. Rxf4 Kxf4 44. Ba4 Ra2 45. Bb5 g5 46. Bd7 g4+ 47. Bxg4 Ra3+ 48. Kxh4 Rxa6 49. h3 d5 50. Kh5 d4 51. Be2 Re6 52. Bg4 Rd6 53. Bd1 Rd5+ 54. Kh4 d3 55. Bf3 Rd8 56. Bh5 d2 57. Bd1 Rh8+ 58. Bh5 Rxh5+ 0-1

[Event "Chigorin Memorial 19th"]
[Site "St Petersburg"]
[Date "2011.10.22"]
[Round "9"]
[White "Stukopin, Andrey"]
[Black "Ivkina, Olga"]
[Result "1-0"]
[WhiteElo "2438"]
[BlackElo "2296"]
[PlyCount "67"]
[EventDate "2011.10.14"]
[EventType "swiss"]
[EventRounds "9"]
[EventCountry "RUS"]
[SourceTitle "CBM 144 Extra"]
[Source "ChessBase"]
[SourceDate "2011.10.28"]
[SourceVersion "1"]
[SourceVersionDate "2011.10.28"]
[SourceQuality "1"]

1. e4 e5 2. Bc4 Nf6 3. d3 Nc6 4. a3 Bc5 5. Nc3 d6 6. Na4 Bb6 7. Nxb6 axb6 8. Nf3 Bg4 9. c3 Qd7 10. h3 Be6 11. Bb5 Ra5 12. a4 0-0 13. 0-0 Rfa8 14. Bg5 Nh5 15. d4 f6 16. d5 Bxh3 17. Nh2 Nf4 18. Bxf4 exf4 19. gxh3 Qxh3 20. dxc6 bxc6 21. b4 Rxb5 22. axb5 Re8 23. Qf3 Qh6 24. Kh1 Re5 25. Rg1 Rh5 26. Rg2 cxb5 27. Ra8+ Kf7 28. Rc8 g6 29. Rxc7+ Ke6 30. Qg4+ f5 31. exf5+ Rxf5 32. Rg1 d5 33. Re1+ Kd6 34. Rce7 1-0

[Event "Chigorin Memorial 19th"]
[Site "St Petersburg"]
[Date "2011.10.14"]
[Round "1"]
[White "Zvjaginsev, Vadim"]
[Black "Ivkina, Olga"]
[Result "1-0"]
[WhiteElo "2666"]
[BlackElo "2296"]
[PlyCount "83"]
[EventDate "2011.10.14"]
[EventType "swiss"]
[EventRounds "9"]
[EventCountry "RUS"]
[SourceTitle "CBM 144 Extra"]
[Source "ChessBase"]
[SourceDate "2011.10.28"]
[SourceVersion "1"]
[SourceVersionDate "2011.10.28"]
[SourceQuality "1"]

1. e4 e6 2. Qe2 c5 3. Nf3 Nc6 4. c3 d5 5. exd5 Qxd5 6. Na3 Nf6 7. g3 Bd6 8. Bg2 0-0 9. 0-0 Qh5 10. Nc4 Bc7 11. Re1 e5 12. Nfxe5 Qxe2 13. Rxe2 Nxe5 14. Nxe5 Re8 15. d4 cxd4 16. cxd4 Ng4 17. Bf4 g5 18. Bxg5 f6 19. h3 fxg5 20. hxg4 Bxg4 21. Ree1 Bxe5 22. Rxe5 Rxe5 23. dxe5 Rd8 24. Bxb7 Rd2 25. b4 Re2 26. b5 Rxe5 27. a4 Be6 28. Bc6 Bf5 29. a5 Rc5 30. Rd1 Kg7 31. a6 Bc8 32. Rd5 Rc1+ 33. Kg2 Kf6 34. b6 Rxc6 35. b7 Bxb7 36. axb7 Rb6 37. Rd6+ Rxd6 38. b8Q Rd7 39. Qe8 Rf7 40. f4 gxf4 41. gxf4 a5 42. Qe5+ 1-0

[Event "St Petersburg Botvinnik 100 op"]
[Site "St Petersburg"]
[Date "2011.08.17"]
[Round "6"]
[White "Ivkina, Olga"]
[Black "Pimenov, Revolt"]
[Result "1-0"]
[WhiteElo "2294"]
[BlackElo "2173"]
[PlyCount "147"]
[EventDate "2011.08.12"]
[EventType "swiss"]
[EventRounds "9"]
[EventCountry "RUS"]
[SourceTitle "CBM 143 Extra"]
[Source "ChessBase"]
[SourceDate "2011.08.29"]
[SourceVersion "1"]
[SourceVersionDate "2011.08.29"]
[SourceQuality "1"]

1. e4 e6 2. d4 d5 3. Nd2 Nc6 4. c3 e5 5. exd5 Qxd5 6. Ngf3 exd4 7. Bc4 Qf5 8. cxd4 Be6 9. 0-0 0-0-0 10. Qa4 Kb8 11. Nb3 Bxc4 12. Qxc4 Qd5 13. Qa4 Nf6 14. Be3 Nd7 15. Ne5 Ncxe5 16. dxe5 Nb6 17. Qf4 Be7 18. Rac1 g5 19. Qg3 h5 20. Rfe1 Bb4 21. Rf1 h4 22. Qg4 Be7 23. Rfd1 Qe6 24. Qxe6 fxe6 25. Nd4 Rh6 26. Nb5 Rxd1+ 27. Rxd1 Rh8 28. Kf1 c6 29. Bxb6 cxb5 30. Rd7 Re8 31. Ba5 b4 32. Rd4 Rc8 33. Bxb4 Bxb4 34. Rxb4 Rc5 35. f4 g4 36. Re4 Kc7 37. Re3 Rc1+ 38. Kf2 Rb1 39. Re2 Rh1 40. Rd2 h3 41. Kg3 Rg1 42. Rf2 Kd7 43. Kxg4 Rxg2+ 44. Kf3 Rg1 45. Rc2 b6 46. b3 Kd8 47. Rc6 Kd7 48. Rd6+ Ke7 49. Rd2 Ke8 50. b4 Ke7 51. b5 Ke8 52. Rd3 Rg2 53. Ra3 Rxh2 54. Rxa7 Rb2 55. Rh7 Rxa2 56. Rxh3 Rb2 57. Kg4 Rxb5 58. Kg5 Rb4 59. Rh7 b5 60. f5 exf5 61. Kf6 f4 62. e6 Kd8 63. Rh8+ Kc7 64. e7 Re4 65. e8Q Rxe8 66. Rxe8 Kd6 67. Kf5 f3 68. Ke4 Kc5 69. Rc8+ Kb4 70. Kxf3 Ka3 71. Ke3 b4 72. Kd3 Ka2 73. Rb8 b3 74. Kc3 1-0